Name the UK Postcode Area - Statistics

General Stats
  • This quiz has been taken 16 times
  • The average score is 7 of 15
Answer Stats
Category Answer % Correct
Postcode areas with a one-letter abbreviation Birmingham | Glasgow | Manchester | East London | Liverpool | North London | Sheffield
93%
Postcode areas that only cover land in Wales Cardiff | Swansea
80%
Postcode areas that span both England and Wales Chester | Gloucester | Hereford | Llandrindod Wells | Newport | Shrewsbury | Llandudno
80%
The only postcode area of Northern Ireland Belfast
73%
Postcode areas with over 70 districts Belfast | Birmingham
67%
Postcode areas containing an 'X' Exeter | Oxford | Halifax
53%
Postcode areas where the first letter of the abbreviation does not match the first letter of the postcode area Blackpool | Galashiels | Cleveland | Southall | Lerwick
40%
London-only postcode areas West London | South West London | North London | North West London | South East London | East London | West Central London | East Central London
33%
Postcode areas that do not share a starting letter Aberdeen | Falkirk | York
20%
Postcode areas that span both England and Scotland Galashiels | Dumfries
20%
Postcode areas that span 6 different English counties Gloucester | Leicester | Northampton | Oxford | Peterborough
20%
Postcode areas with 5 or fewer districts Harrogate | Lerwick
20%
Postcode areas with over 300 sectors Liverpool | Manchester
20%
Postcode areas with fewer than 20 sectors Llandrindod Wells | Lerwick | Hebrides
20%
Postcode areas with an average of over 10 sectors per district Liverpool
13%
No matching quizzes found
Score Distribution
Percent of People with Each Score
Percentile by Number Answered
Your Score History
You have not taken this quiz